000 03238nam a2200289 a 4500
003 OSt
005 20251103145254.0
007 cr ||||||a|c|a
008 230516b2020 mx ad||fom||| 001 0 spa d
040 _erda
100 1 _9186996
_aRivero Romo, Zeltzin Nataly
245 1 0 _aEvaluación de promotores de brotación en vid (Vitis venifera L.) Red Globe /
_cpor Zeltzin Nataly Rivero Romo y Emmanuel Bautista Reyes; director de tesis Eduardo Campos Rojas
264 1 _aChapingo, México :
_bEl autor,
_c2020.
300 _a1 recurso en línea (65 páginas):
_bilustraciones, cuadros, gráficas
336 _2rdacontent
_atexto
_btxt
337 _2rdamedia
_acomputadora
_bc
338 _2rdacarrier
_arecurso en línea
_bcr
502 _bIAEF
_cFitotecnia
_d2020.
_gLIC
504 _aIncluye referencias bibliográficas: páginas 60-65
520 _aEl estado de Aguascalientes ocupa el quinto lugar en producción nacional de uva de mesa con una cosecha anual de 11,999 ton; la fecha de cosecha en el estado coincide con la saturación del mercado aparentemente de julio hasta septiembre dando como resultado una baja rentabilidad. Por lo que una estrategia será producir fruto fresco en las primeras semanas de junio para aprovechar los precios más atractivos en el mercado, esto adelantando la fecha de floración mediante el uso de promotores de brotación. Se evaluó dos promotores de brotación, Thidiazurón a una concentración de 300 ppm y Extracto de Ajo al 10% en la variedad ‛Red Globe’ el experimento se desarrolló en el Centro de Investigación Regional Norte Centro Campo Experimental Pabellón (CEPAB), del Instituto Nacional de Investigaciones Forestales, Agrícolas y pecuarias (INIFAP). Se establecieron tres tratamientos en los cuales la poda y el riego fueron de manera anticipada: Thidiazurón a 300 ppm, Extracto de Ajo al 10% y sin promotor de brotación, además de un testigo INIFAP (poda + riego en fechas convencionales sin promotor de brotación), con un diseño de bloques al azar generalizado, teniendo 6 bloques y 2 repeticiones por tratamiento en cada bloque. La fecha de brotación con el uso de Thidiazurón a 300 ppm, Extracto de Ajo al 10%, poda más riego anticipado sin promotor de brotación se adelantó 4 días de la fecha convencional; alcanzando su máxima brotación para el día juliano DJ 90 (31 de marzo), mientras que el tratamiento testigo INIFAP (poda + riego en fechas convencionales sin promotor de brotación) alcanzó este porcentaje hasta el día juliano 97 (7 de abril). Los tratamientos de Thidiazurón a 300 ppm, Extracto de Ajo al 10 % y riego más poda anticipados sin promotor de brotación no mostraron diferencias estadísticas significativas; siendo el tratamiento testigo INIFAP (poda + riego en fechas convencionales sin promotor de brotación) el único que se diferenció con un porcentaje menor de brotación acumulada.
650 4 _9119135
_aVid
_xPropagación
650 4 _9119103
_aVid
_xCrecimiento
700 1 _9186997
_aBautista Reyes, Emmanuel
700 1 _918135
_aCampos Rojas, Eduardo
_edirector.
856 _uhttp://10.13.5.2/tesis/tl/Rivero_Romo_Zeltzin_Nataly.pdf
_zDESCARGAR PDF
942 _2Clasificación Universidad Autónoma Chapingo
_cTD
999 _c218767
_d218767